El misterio de los billetes ocre : (Registro nro. 4080)
[ vista simple ]
| 000 -LEADER | |
|---|---|
| fixed length control field | 00818nam a2200205Ia 4500 |
| 003 - CONTROL NUMBER IDENTIFIER | |
| control field | OSt |
| 005 - DATE AND TIME OF LATEST TRANSACTION | |
| control field | 20250410162215.0 |
| 008 - FIXED-LENGTH DATA ELEMENTS--GENERAL INFORMATION | |
| fixed length control field | 191128s2011 ck er 000 f spa d |
| 020 ## - INTERNATIONAL STANDARD BOOK NUMBER | |
| International Standard Book Number | 9789584472830 |
| 040 ## - CATALOGING SOURCE | |
| Original cataloging agency | CO-JMCR |
| Transcribing agency | CO-JMCR |
| 041 ## - LANGUAGE CODE | |
| Language code of text/sound track or separate title | spa |
| 082 04 - DEWEY DECIMAL CLASSIFICATION NUMBER | |
| Classification number | A-N |
| Item number | CAÑm |
| 100 1# - MAIN ENTRY--PERSONAL NAME | |
| Personal name | Cañola Crespo, Jairo, |
| Dates associated with a name | 1937 |
| Relator term | autor |
| 9 (RLIN) | 6530 |
| 245 13 - TITLE STATEMENT | |
| Title | El misterio de los billetes ocre : |
| Remainder of title | el gran enigma en una cadena de golpes de suerte / |
| Statement of responsibility, etc. | Jairo Cañola Crespo |
| 260 ## - PUBLICATION, DISTRIBUTION, ETC. | |
| Place of publication, distribution, etc. | Medellín : |
| Name of publisher, distributor, etc. | Fundaglobal, |
| Date of publication, distribution, etc. | 2011 |
| 300 ## - PHYSICAL DESCRIPTION | |
| Extent | 224 páginas ; |
| Dimensions | 23 cm. |
| 505 ## - FORMATTED CONTENTS NOTE | |
| Formatted contents note | Aprendiendo a andar solo -- La conformcaión del escenario -- Un golpe de suerte inesperado -- El gran enigma -- Como encaletar una fortuna -- La estadía en una gran ciudad -- Negocios en al frontera |
| 650 14 - SUBJECT ADDED ENTRY--TOPICAL TERM | |
| Topical term or geographic name entry element | Novela colombiana |
| 9 (RLIN) | 6531 |
| 942 ## - ADDED ENTRY ELEMENTS (KOHA) | |
| Source of classification or shelving scheme | Dewey Decimal Classification |
| Koha item type | Books |
| Withdrawn status | Lost status | Source of classification or shelving scheme | Damaged status | Not for loan | Collection code | Home library | Current library | Date acquired | Source of acquisition | Cost, normal purchase price | Total Checkouts | Full call number | Barcode | Date last seen | Date last checked out | Copy number | Koha item type | Public note |
|---|---|---|---|---|---|---|---|---|---|---|---|---|---|---|---|---|---|---|
| Dewey Decimal Classification | Fiction | Biblioteca Pública José María del Castillo y Rada | Biblioteca Pública José María del Castillo y Rada | 11/28/2019 | Donación | 0.00 | 1 | A-N CAÑm | 201808878 | 05/28/2024 | 05/28/2024 | Ej.1 | Books | Bibliografia del autor en contraportada. |